000 00550 a2200181 4500
003 OSt
005 20180116182924.0
008 160520b xxu||||| |||| 00| 0 eng d
020 _a0
040 _c0
082 _a509.17671 PAK 2001
110 _aGovernment of Pakistan
245 _aAbstracts of Papers.
_cMinistry of Science & Technology Government of Pakistan.
260 _aIslamabad.
_bMinistry of Science & Technology Government of Pakistan.
_c2001
300 _a283p.
_bPB
500 _aPaper cover.
942 _aNBS
_cBK
_k509.17671 PAK
_2ddc
999 _c348575
_d348575